Energy Drink Brands - Statistics

General Stats
  • This quiz has been taken 21 times
  • The average score is 10 of 16
Answer Stats
Picture Answer % Correct
Monster
100%
Red Bull
100%
Rockstar
86%
C4
81%
Ghost
76%
Bang
67%
5 Hour Energy
62%
Celsius
62%
Prime
62%
Nos
48%
Reign
43%
Zoa
43%
Mountain Dew Amp
38%
Alani Nu
33%
Bucked Up
33%
Full Throttle
19%
No matching quizzes found
Score Distribution
Percent of People with Each Score
Percentile by Number Answered
Your Score History
You have not taken this quiz